000 00187 a2200097 4500
020 _a9780345533661
041 _aeng
100 _aWilliam landay
245 _aDefending jacob
942 _cBK
999 _c30610
_d30608